000 00617nam a2200217Ia 4500
001 5067
003 GE_BSU
008 181216s||||||||xx |||||||||||||| ||und||
040 _cGE_BSU
080 _a621.315(075)
100 _aКурлин,М.В. Панова,Я.И.
245 _aЭлектрорадиоматериалы
245 _cОзерова,З.В.
260 _aЛенинград
260 _bСудостроение
260 _c1969
300 _a339стр.с илл. 22см.
300 _eБиблиогр. стр. 336
653 _aЭлектрорадиоматериалы
942 _cBK
999 _c38750
_d38750